Vista normal Vista MARC

Entrada Nombre personal

Número de registros utilizados en: 1

001 - NÚMERO DE CONTROL

  • Campo de control: 45541

003 - IDENTIFICADOR DE NÚMERO DE CONTROL

  • Campo de control: OSt

005 - FECHA Y HORA DE LA ULTIMA MODIFICACION

  • Campo de control: 20210721102656.0

008 - ELEMENTOS DE DATOS DE LONGITUD FIJA

  • Campo de longitud fija: 210721|| aca||aabn | a|a d

040 ## - FUENTE DE LA CATALOGACIÓN

  • Agencia original de catalogación: OSt

100 1# - ENCABEZAMIENTO--NOMBRE DE PERSONA

  • Nombre personal: Lira Castillo, Nathalia del Carmen

670 ## - FUENTE DE DATOS ENCONTRADOS

  • Fuente de citación: Investigación, elaboración de plan de marketing digital y mejora de imagen para Hostal Mesón de San Fernando, en la ciudad Concepción de Ataco, Ahuachapán.

670 ## - FUENTE DE DATOS ENCONTRADOS

  • Fuente de citación: BMC.- 21-07-2021